| 000 | 00647nam a22002057a 4500 | ||
|---|---|---|---|
| 003 | OSt | ||
| 005 | 20250703064006.0 | ||
| 008 | 240624b |||||||| |||| 00| 0 eng d | ||
| 020 | _a9786214160549 | ||
| 040 |
_aDWC- Main Lib _cOC |
||
| 082 | _aFil. 657.45 R786c 2018 | ||
| 100 | _aRoque, Gerardo S. | ||
| 245 |
_aCPA examination reviewer : _bauditing problems / _cGerardo S. Roque. |
||
| 250 | _a2018-2019 edition. | ||
| 260 |
_aManila : _bGIC Enterprises and Co., _cc2018. |
||
| 300 |
_aiv, 862 pages ; _c22 cm. |
||
| 504 | _aIncludes bibliographical references. | ||
| 650 | _a1. Auditing–Problems, exercises, etc. | ||
| 942 |
_2ddc _cBK - FIL _n1 |
||
| 999 |
_c1187 _d1187 |
||